000 01590 a2200277 4500
003 Nust
005 20220721153157.0
010 _a 2003069582
020 _a0-8493-1631-6 (alk. paper)
035 _a(DLC) 2003069582
040 _cNust
082 0 0 _a004.678,MOB
245 0 0 _aMobile Internet :
_benabling technologies and services /
_cedited by Apostolis K. Salkintzis and Alexander P. Poularikas.
260 _aBoca Raton, FL :
_bCRC Press,
_c2004.
300 _avar. pag.
_bill.
_c26 cm.
440 0 _aElectrical engineering and applied signal processing series
_955596
505 _aThe Evolution toward the Mobile Internet (Various Pages)), Internet Access over Wireless LANs (Various Pages)), Internet Access over GPRS (Various Pages)), Internet Access over Satellites (Various Pages)), Mobility Management in Mobile IP Networks(Various Pages), Quality of Service in Mobile IP Networks(Various Pages)), Multicast in Mobile IP Networks, Secure Mobility in Wireless IP Networks (Various Pages)), Security Issues in Wireless IP Networks (Various Pages)), Header Compression Schemes for Wireless Internet A Video Streaming in Wireless Internet (Various Pages), Integration of WLANs and Cellular Data Networks for Next-Generation Mobile Internet Access (Various Pages).
650 0 _aInternet
_917965
650 0 _aInternet
_917965
650 0 _aMobilt Internet
_994438
650 0 _aWireless Internet
_994289
650 0 _aWireless Internet.
_994289
700 1 _aPoularikas, Alexander D.,
_d1933-
_994439
700 1 _aSalkintzis, Apostolis K.
_994440
942 _2ddc
_cBK
999 _c196099
_d196099